Investing in space (Record no. 14416)

MARC details
000 -LEADER
fixed length control field 00581nam a2200193Ia 4500
003 - CONTROL NUMBER IDENTIFIER
control field IN-BaIIA
008 - FIXED-LENGTH DATA ELEMENTS--GENERAL INFORMATION
fixed length control field 211028s9999 xx 000 0 eng d
020 ## - INTERNATIONAL STANDARD BOOK NUMBER
International Standard Book Number 92-9092-580-9
040 ## - CATALOGING SOURCE
Transcribing agency IIA Library
080 ## - UNIVERSAL DECIMAL CLASSIFICATION NUMBER
Universal Decimal Classification number 52-128(047)
Item number ESO
245 #0 - TITLE STATEMENT
Title Investing in space
Remainder of title the challenges for Europe
Statement of responsibility, etc. edited by Geraldine Naja and Bruce Battrick
260 ## - PUBLICATION, DISTRIBUTION, ETC.
Place of publication, distribution, etc. The Netherlands
Name of publisher, distributor, etc. European Space Agency
Date of publication, distribution, etc. 1999
300 ## - PHYSICAL DESCRIPTION
Extent 48p.+cd
490 ## - SERIES STATEMENT
Series statement ESO SP-2000
650 ## - SUBJECT ADDED ENTRY--TOPICAL TERM
Topical term or geographic name entry element Space programme
9 (RLIN) 25577
700 ## - ADDED ENTRY--PERSONAL NAME
Personal name Battrick, Bruce., ed.
700 ## - ADDED ENTRY--PERSONAL NAME
Personal name Naja, Geraldine, ed.
9 (RLIN) 25578
942 ## - ADDED ENTRY ELEMENTS (KOHA)
Koha item type Books
Holdings
Withdrawn status Lost status Damaged status Not for loan Home library Current library Shelving location Date acquired Total Checkouts Full call number Barcode Date last seen Price effective from Koha item type Purchase Price
        IIA Library-Bangalore IIA Library-Bangalore General Stacks 27/12/2001   52-128(047) / ESO 15336 05/11/2021 27/12/2001 Books € 10.00

Powered by Koha